000 00720nas a2200277 4500
001 BR9204302
003 BR-BrBNA
005 20231205092720.0
007 ta
008 230509b bl.|||p| |||| 00| 00por d
040 _aBR-BrBNA
_bpor
_cBiblioteca Nacional de Agricultura
041 _a(Pt)
072 _aL01
100 1 _aAnon.
245 1 _aAnimais domesticos e silvestres: cao
650 _aCAO DE CACA
650 _aCAO DE GUARDA
650 _aPASTOR ALEMAO
650 _aRACA
650 _aCRIACAO
650 _aINSTALACAO PARA ANIMAL
650 _aPRATICO
773 0 _tGuia Rural (Brazil)
_x
_g(Oct 990), p. 214-221
_wBR9204302
909 _a202311
_bLúcia
_c55
_dLúcia Elande
942 _2AGRIS
_n0
_cANA
999 _c133630
_d133630